000 00473nam a2200181Ia 4500
008 131103s9999 xx 000 0 und d
040 _aLoreto College
041 _aEnglish
082 _a170/CAR
_bLCBED/6988
100 _aCarroll, James P.
245 _aFeed my lambs
_cJames P. Carrol
260 _aOhio
_bGeo. A. Pflaum
_c1970
300 _a126p.
_b ill.
_c 18cm.
504 _aIncludes appendix
650 _aMoral science
850 _aLCBED/170/CAR
942 _cBK
999 _c31925
_d82404